An Indian ephemeris (Record no. 384)

MARC details
000 -LEADER
fixed length control field 00577nam a2200193Ia 4500
003 - CONTROL NUMBER IDENTIFIER
control field IN-BaIIA
008 - FIXED-LENGTH DATA ELEMENTS--GENERAL INFORMATION
fixed length control field 211028s9999 xx 000 0 eng d
040 ## - CATALOGING SOURCE
Transcribing agency IIA Library
080 ## - UNIVERSAL DECIMAL CLASSIFICATION NUMBER
Universal Decimal Classification number 059(54)
Item number SWA-6
100 ## - MAIN ENTRY--PERSONAL NAME
Personal name Swamikannu Pillai, L. D.
9 (RLIN) 853
245 #3 - TITLE STATEMENT
Title An Indian ephemeris
Remainder of title vol. VI, AD 1600-1799
Statement of responsibility, etc. L. D. Swamikannu Pillai
260 ## - PUBLICATION, DISTRIBUTION, ETC.
Place of publication, distribution, etc. Madras
Name of publisher, distributor, etc. The Superintendent Government Press
Date of publication, distribution, etc. 1922
300 ## - PHYSICAL DESCRIPTION
Extent vi, 401p.
650 ## - SUBJECT ADDED ENTRY--TOPICAL TERM
Topical term or geographic name entry element Almanacs
9 (RLIN) 854
650 ## - SUBJECT ADDED ENTRY--TOPICAL TERM
Topical term or geographic name entry element Astronomy and Astrophysics Thesaurus
650 ## - SUBJECT ADDED ENTRY--TOPICAL TERM
Topical term or geographic name entry element Ephemeris
9 (RLIN) 855
650 ## - SUBJECT ADDED ENTRY--TOPICAL TERM
Topical term or geographic name entry element Indian Ephemeris
9 (RLIN) 856
942 ## - ADDED ENTRY ELEMENTS (KOHA)
Koha item type Books
Holdings
Withdrawn status Lost status Damaged status Not for loan Home library Current library Shelving location Date acquired Total Checkouts Full call number Barcode Date last seen Price effective from Koha item type
        IIA Library-Bangalore IIA Library-Bangalore General Stacks     059(54)/ SWA-6 378 05/11/2021   Books

Powered by Koha